000 00696nam a22002057a 4500
008 131009b xxu||||| |||| 00| 0 alb d
020 _a9951130089
041 0 _aAlb
080 _a011
_x(05)
100 _aBerisha, Gjon
245 1 0 _aBibliografia e revistës Kosova 1972 - 2003 /
_cGjon Berisha.
260 _aPrishtinë :
_bBiblioteka Kombëtare dhe Universitare e Kosovës ;
_c2004.
300 _a144 f. :
_c21 cm.
500 _aParathënie : f. [V - VI]
505 _aTreguesit : f. 130 - 144
650 _aBibliografia
_x Revista "Kosova"
_y1972 - 2003
650 _aBibliografia
_xShtypi periodik shqiptar
700 _aBiblioteka Kombëtare dhe Universitare e Kosovës.
942 _2udc
_cBK
999 _c72
_d72